Salta al contenuto

Актуальные проблемы правоприменительной деятельности учебное пособие

Соответствует требованиям ФГОС ВО по направлению подготовки «Юриспруденция». Рассмотрены вопросы правоприменительной деятельности. Освещены исторические и современные достижения в теоретико-правовой науке по вопросам правоприменительной деятельности. Содержит контрольные вопросы и задания для подгот...

Descrizione completa

Salvato in:
Dettagli Bibliografici
Autore principale: Самусевич А. Г.
Natura: Книга
Lingua:Russian
Pubblicazione: Иркутск ИРНИТУ 2019
Accesso online:https://e.lanbook.com/book/164021
https://e.lanbook.com/img/cover/book/164021.jpg
Tags: Aggiungi Tag
Nessun Tag, puoi essere il primo ad aggiungerne! !
LEADER 02322nam0a2200265 i 4500
001 164021
003 RuSpLAN
005 20221220174116.0
008 221220s2019 ru gs 000 0 rus
020 |a 978-5-8038-1430-6 
040 |a RuSpLAN 
041 0 |a rus 
044 |a ru 
080 |a 340.13 
084 |a 67.0  |2 rubbk 
245 0 0 |a Актуальные проблемы правоприменительной деятельности  |b учебное пособие  |c Самусевич А. Г. 
260 |a Иркутск  |b ИРНИТУ  |c 2019 
300 |a 102 с. 
504 |a Библиогр.: доступна в карточке книги, на сайте ЭБС Лань 
520 8 |a Соответствует требованиям ФГОС ВО по направлению подготовки «Юриспруденция». Рассмотрены вопросы правоприменительной деятельности. Освещены исторические и современные достижения в теоретико-правовой науке по вопросам правоприменительной деятельности. Содержит контрольные вопросы и задания для подготовки к практическим (семинарским) занятиям. Предназначено для студентов, изучающих дисциплины «Теория государства и права», «Актуальные проблемы правоприменительной деятельности в гражданско-правовой сфере» и «Актуальные проблемы правоприменительной деятельности в уголовно-правовой сфере». Также будет интересно магистрантам, аспирантам, преподавателям юридических вузов и практическим работникам. 
521 8 |a Книга из коллекции ИРНИТУ - Право. Юридические науки 
100 1 |a Самусевич А. Г. 
856 4 |u https://e.lanbook.com/book/164021 
856 4 8 |u https://e.lanbook.com/img/cover/book/164021.jpg 
953 |a https://e.lanbook.com/img/cover/book/164021.jpg